| Tag |
First Indicator |
Second Indicator |
Subfields |
| LEADER |
00000cjm a2200000 a 4500 |
| 001 |
in00001099310 |
| 005 |
20150929185503.0 |
| 007 |
sd fungnn---e- |
| 008 |
920518s1991 nyumun fh N/A d |
| 028 |
0 |
2 |
|a RDJ 601832
|b Novus
|
| 035 |
|
|
|a (OCoLC)25839552
|
| 035 |
|
|
|9 AFS5527AM
|
| 040 |
|
|
|a UUC
|c UUC
|d JNA
|d TXA
|d UtOrBLW
|
| 047 |
|
|
|a bl
|a jz
|
| 049 |
|
|
|a TXAM [A10189992]
|
| 090 |
|
|
|a M1366
|b .J39 1991
|
| 092 |
|
|
|a 781.65
|
| 092 |
|
|
|a Compact Disc
|
| 245 |
0 |
0 |
|a Jazz pizazz.
|
| 264 |
|
1 |
|a New York, NY :
|b Novus,
|c [1990]
|
| 264 |
|
4 |
|c ℗1990
|
| 300 |
|
|
|a 1 sound disc :
|b digital ;
|c 4 3/4 in.
|
| 336 |
|
|
|a performed music
|b prm
|2 rdacontent
|
| 337 |
|
|
|a audio
|b s
|2 rdamedia
|
| 338 |
|
|
|a audio disc
|b sd
|2 rdacarrier
|
| 500 |
|
|
|a Jazz ; various artists.
|
| 500 |
|
|
|a "Promotional copy--not for resale."
|
| 500 |
|
|
|a Compact disc.
|
| 505 |
0 |
|
|a Spiritual companion / Roy Hargrove -- Soul eyes / Vanessa Rubin -- Prelude to a kiss / Marcus Roberts -- K. Y. H. / Antonio Hart -- Sarah / Carmen McRae -- I know that you know / John Pizzarrelli -- Wonderland / Marion Meadows -- The natural moment / Christopher Hollyday -- Promises / Warren Hill -- Cuchi cuchi / Hilton Ruiz -- Magneto / Steve Coleman -- Blood count / Duke Ellington -- In the mood / Glenn Miller & his Orchestra -- Do you know what it means to miss New Orleans / Louis Armstrong -- Body & soul / Coleman Hawkins -- One o'clock jump / Benny Goodman -- Tee'd off / Randy Brecker and Michael Brecker -- Umhome / Miriam Makeba.
|
| 500 |
|
|
|a Sound recording.
|
| 650 |
|
0 |
|a Jazz.
|
| 650 |
|
0 |
|a Blues (Music)
|
| 650 |
|
0 |
|a Big band music.
|
| 650 |
|
0 |
|a Dance orchestra music.
|
| 999 |
|
|
|a MARS
|
| 999 |
f |
f |
|s 00389617-19ec-3425-8bb7-314408f9b931
|i 38677a05-11ff-37f5-a67e-1625f7485878
|t 0
|
| 952 |
f |
f |
|p ric
|a Texas A&M University
|b Rellis Campus
|c Joint Library Facility
|d Remote Storage
|t 0
|e M1366 .J39 1991
|h Library of Congress classification
|i audio -- audio disc
|m A14810189992
|
| 998 |
f |
f |
|a M1366 .J39 1991
|t 0
|l Remote Storage
|